00587 2200169 4500001002100000005001500021008004100036020001800077035001900095041000800114100002000122245004700142260000900189500006000198520008900258650007000347INLIS00000000000439620200508202711200508||||||||| | ||| |||| ||eng|| a9789004297999 0010-0520004396 aeng0 aVille Sinkkonen00aA Comparative Appraisal of Normative Power c2015 ae-book aThe European Union, the United States and the January 25th, 2011 Revolution in Egypt 0aHuman Rights and Humanitarian Law E-Books Online, Collection 2015